000 00463pab a2200169 454500
008 180718b2012 xxu||||| |||| 00| 0 eng d
100 _aMaharjan, Sarita
245 _aAssociation between work motivation and job satisfaction of college teachers
260 _c2012
300 _ap.45-55.
362 _aAug
650 _aTeachers
650 _aJob satisfaction
650 _aMotivation
773 _aAdministration and Management Review
909 _a110772
999 _c110767
_d110767